Statystyki dla Ranking FIVB -Wypisz pierwsze 30 krajów w rankingu siatkarskim FIVB

Kliknij tutaj aby rozwiązać quiz!

Ogólne statystyki

  • Ten quiz został rozwiązany 6 302 razy
    (350 od ostatniego zresetowania)
  • Średni wynik to 47 z 60

Statystyki odpowiedzi

PozycjaPaństwo% Poprawnych
1Polska
100%
7Polska
100%
3Włochy
99%
5Włochy
99%
2Stany Zjednoczone
97%
2Stany Zjednoczone
97%
4Brazylia
96%
4Brazylia
96%
7Francja
95%
15Francja
95%
8Japonia
95%
5Japonia
95%
12Niemcy
94%
16Niemcy
94%
29Chiny
93%
6Chiny
93%
19Argentyna
90%
6Argentyna
90%
13Kanada
90%
11Kanada
90%
8Słowenia
88%
26Słowenia
88%
28Słowenia
88%
30Hiszpania
86%
3Serbia
85%
9Serbia
85%
9Holandia
84%
10Holandia
84%
1Turcja
84%
14Turcja
84%
18Ukraina
82%
15Ukraina
82%
11Iran
80%
13Belgia
79%
22Belgia
79%
20Czechy
79%
16Czechy
79%
23Portugalia
79%
21Meksyk
78%
23Meksyk
78%
24Kuba
73%
12Kuba
73%
17Bułgaria
72%
19Egipt
70%
28Finlandia
70%
27Korea Południowa
69%
27Szwecja
66%
25Chorwacja
63%
24Rumunia
60%
22Kolumbia
58%
14Tajlandia
57%
18Tunezja
56%
10Dominikana
52%
30Dominikana
52%
26Chile
51%
25Kamerun
41%
20Portoryko
37%
29Bośnia i Hercegowina
31%
17Katar
31%
21Kenia
23%

Rozkład punktacji

Percentyl według liczby udzielonych odpowiedzi

Procent ludzi z każdym wynikiem

Twoja historia wyników

Nie rozwiązałeś tego quizu od ostatniego zresetowania